| 000 | 00905cam a2200169 4500 | ||
|---|---|---|---|
| 001 | WB3922-01 | ||
| 008 | 030616n2003 000 0 eng u | ||
| 035 | _a(Sirsi) u122600 | ||
| 245 | _aNew construction orders : April 2003 | ||
| 260 | _c2003 | ||
| 490 |
_aDTI Press Release _v(C-0603) 12 June 2003 (2) |
||
| 520 | _aDetails of orders in the 12 months to April 2003 which rose by 9% compared to orders in the previous 12 months, although orders in the three months to April 2003 fell by 2% compared to the same three months a year earlier. Private housing orders in the 12 months to April 2003 decreased by 3% compared with the previous 12 months, while in the same period public non-housing orders rose by 40%. http://www.gnn.gov.uk/gnn/national.nsf/TI/0F9B6AEE48E161D980256D430037C3DA?opendocument | ||
| 590 | _aTEST | ||
| 650 | _aCONSTRUCTION ORDERS | ||
| 690 | _aBUILT ENVIRONMENT | ||
| 942 | _n0 | ||
| 999 |
_c72852 _d72852 |
||